000
00316nam a22001337a 4500
008
180906b xxu||||| |||| 00| 0 eng d
020
_a
9780787954048
041
_a
eng
080
_a
616.073
100
_a
3
101
_a
SHM
245
_a
Changing The U,s Health Care Systems
_c
Anderson.r.m
942
_2
udc
_c
BK
999
_c
47587
_d
47587